| 000 | 01029cam a2200217 4500 | ||
|---|---|---|---|
| 001 | WB3934-24 | ||
| 008 | 030911n2003 000 0 eng u | ||
| 035 | _a(Sirsi) u123573 | ||
| 245 | _aDecoupling no problem for land values | ||
| 260 | _c2003 | ||
| 490 |
_aFarmers' Weekly _v(139) (10) 5 September 2003, 93(1) |
||
| 520 | _aAccording to the Central Association of Agricultural Valuers, land values are unlikely to be adversely affected by decoupled subsidies on their introduction in 2005. Christopher Perks of Warmingtons states there could be strong demand for land which qualifies for SFP, but is not matched against an entitlement, with the market active from now until May 2005. See also WB3928-17. | ||
| 590 | _aWB | ||
| 650 | _aLAND VALUES | ||
| 650 | _aSUBSIDIES | ||
| 650 | _aCENTRAL ASSOCIATION OF AGRICULTURAL VALUERS | ||
| 650 | _aMILK QUOTA | ||
| 650 | _aPROPERTY-RURAL AND NATURAL ASSETS-AGRICULTURAL PROPERTY-AGRICULTURAL LAND-ARABLE LAND | ||
| 690 | _aRURAL-AGRICULTURE AND FORESTRY | ||
| 942 | _n0 | ||
| 999 |
_c73396 _d73396 |
||